| 000 | 00000nam##2200000za#4500 |
| 001 | 9.603551 |
| 003 | CaOODSP |
| 005 | 20240911080551 |
| 007 | cr ||||||||||| |
| 008 | 150406|1996||||xxc|||||o f|0| 0 fre|d |
| 040 | |aCaOODSP|bfre |
| 043 | |an-cn--- |
| 086 | 1 |aH113-8/1996-1F-PDF |
| 110 | 1 |aCanada.|bSanté Canada. |bAgence de réglementation de la lutte antiparasitaire. |
| 245 | 10|aPolitique sur la gestion des demandes d'homologation |h[ressource électronique] |
| 260 | |aOttawa - Ontario : |bSanté Canada. |cLe 7 juin 1996. |
| 300 | |a13p.|bfigure, tableaux |
| 490 | 1 |aProjet de directive |vPro96-01 |
| 590 | |a12-13-Supp|b2012-04-03 |
| 775 | 08|tManagement of submissions policy |w(CaOODSP)9.573382 |
| 830 | #0|aProjet de directive (Canada. Agence de réglementation de la lutte antiparasitaire)|vPro96-01|w(CaOODSP)9.500881 |
| 856 | 40|ahttp://publications.gc.ca|qPDF|s76 Ko|uhttps://publications.gc.ca/collections/collection_2012/sc-hc/H113-8-1996-1-fra.pdf|yPro96-01 |